Science Quiz

Random Science or Astronomy Quiz

Constellations on a Skymap Quiz Stats

 Plays Quiz Updated Jul 28, 2018

Challenge
Share
Tweet
Score 0/88 Timer 10:00
0 Plays Today
% Correct
Ursa Major
83.6%
Ursa Minor
83.2%
Orion
81.8%
Leo
78.8%
Cancer
75.1%
Gemini
74.9%
Aquarius
73.9%
Taurus
73.5%
Virgo
72.9%
Libra
71.9%
Aries
69%
Pisces
68.5%
Cassiopeia
67.6%
Sagitta
67.5%
Sagittarius
67.4%
Draco
63.6%
Scorpius
62.5%
Andromeda
61.8%
Pegasus
61.3%
Capricornus
59.3%
Cygnus
58.7%
Hercules
58.4%
Canis Major
58%
Canis Minor
57.5%
Lyra
55.3%
Boötes
53.4%
Aquila
53.1%
Cepheus
52.7%
Perseus
52.4%
Hydra
50.5%
% Correct
Corona Borealis
49%
Leo Minor
48.8%
Camelopardalis
48.3%
Crux
47.9%
Delphinus
47.3%
Triangulum
45.8%
Auriga
45.8%
Ophiuchus
45.8%
Serpens
45.7%
Centaurus
45%
Vulpecula
45%
Lacerta
44.7%
Lupus
44.7%
Corona Australis
44.3%
Coma Berenices
44%
Lynx
43.8%
Equuleus
43.5%
Canes Venatici
43.4%
Cetus
43.4%
Microscopium
43.2%
Vela
42.6%
Lepus
41.6%
Corvus
41.5%
Grus
41.5%
Piscis Austrinus
41.4%
Crater
41.3%
Sextans
40.9%
Puppis
40.8%
Eridanus
40.4%
Scutum
39.6%
% Correct
Monoceros
39.2%
Ara
38.4%
Carina
38.4%
Norma
38.3%
Fornax
38.2%
Pyxis
37.6%
Octans
36.8%
Telescopium
36.5%
Hydrus
36.4%
Phoenix
36.4%
Antlia
36.1%
Sculptor
35.6%
Musca
35.5%
Columba
35.4%
Mensa
35.4%
Horologium
34.8%
Apus
34.8%
Caelum
34.5%
Triangulum Australe
34.4%
Pavo
34.3%
Indus
34.2%
Dorado
33.9%
Volans
33.1%
Pictor
32.7%
Chamaeleon
32.2%
Circinus
32.2%
Reticulum
31.2%
Tucana
29.4%

You're not logged in!

Compare scores with friends on all Sporcle quizzes.
OR
Log In

You Might Also Like...

Show Comments

Extras

Top Quizzes Today


Score Distribution

Your Account Isn't Verified!

In order to create a playlist on Sporcle, you need to verify the email address you used during registration. Go to your Sporcle Settings to finish the process.

Report this User

Report this user for behavior that violates our Community Guidelines.

Details: